|
|
|
|
| LEADER |
00000nab a2200000 a 4500 |
| 001 |
vtls000677886 |
| 003 |
SK-MaSNL |
| 005 |
20260303183436.0 |
| 008 |
140328c1998 xo 0 slo |
| 015 |
|
|
|a SNBRB1998/12-33361
|
| 035 |
|
|
|a CLN000030055
|
| 040 |
|
|
|a SNKBUCL
|b slo
|c SNKBUCL
|e AACR2
|
| 041 |
0 |
|
|a slo
|
| 044 |
|
|
|a xo
|c SK
|
| 080 |
|
|
|a 930.25:061.2(437.6)
|2 1997
|
| 100 |
1 |
|
|a Nováková, Veronika
|4 aut
|9 233361
|
| 245 |
1 |
0 |
|a Správa o činnosti Spoločnosti slovenských archivárov
|c Veronika Nováková
|
| 610 |
2 |
7 |
|a Spoločnosť slovenských archivárov
|2 snkbucl
|9 97762
|
| 648 |
|
7 |
|a 1994-1998
|2 snkbucl
|9 401541
|
| 655 |
|
7 |
|a správy o činnosti
|2 snkbucl
|9 359766
|
| 655 |
|
7 |
|a články z novín a časopisov
|2 snkbucl
|9 267496
|
| 773 |
0 |
|
|t Fórum archivárov
|g Roč. 9, č. 8 (1998), s. 2-7
|
| 850 |
|
|
|a Slovenská národná knižnica v Martine
|
| 852 |
|
|
|a SNK
|b KIS3GCP
|
| 992 |
|
|
|a RBX
|
| 999 |
|
|
|c 2121189
|d 2123119
|